|
|
|
|
| LEADER |
01448nam a2200433 a 4500 |
| 001 |
nkc20112219125 |
| 003 |
CZ PrNK |
| 005 |
20120521133815.0 |
| 007 |
ta |
| 008 |
110801s2011 xr g e f 000 0 cze |
| 015 |
|
|
|a cnb002219125
|
| 020 |
|
|
|a 978-80-7331-199-5
|q (brož.)
|
| 035 |
|
|
|a (OCoLC)757677869
|
| 040 |
|
|
|a ABA001
|b cze
|
| 072 |
|
7 |
|a 781
|x Hudební teorie
|2 Konspekt
|9 9
|
| 080 |
|
|
|a 781.41
|2 MRF
|
| 080 |
|
|
|a 37.091.3
|2 MRF
|
| 080 |
|
|
|a (035)
|2 MRF
|
| 100 |
1 |
|
|a Tichý, Vladimír,
|d 1946-
|7 jn99240001185
|4 aut
|
| 245 |
1 |
0 |
|a Harmonicky myslet a slyšet /
|c Vladimír Tichý
|
| 250 |
|
|
|a 2., opr. a rozš. vyd.
|
| 260 |
|
|
|a Praha :
|b Nakladatelství Akademie múzických umění,
|c 2011
|
| 300 |
|
|
|a 297 s. :
|b noty ;
|c 23 cm
|
| 490 |
1 |
|
|a Hudební pedagogika ;
|v sv. 3
|
| 504 |
|
|
|a Obsahuje bibliografii a bibliografické odkazy
|
| 650 |
0 |
7 |
|a hudební harmonie
|7 ph120903
|2 czenas
|
| 650 |
0 |
7 |
|a studium a výuka
|7 ph136700
|2 czenas
|
| 650 |
0 |
9 |
|a harmony
|2 eczenas
|
| 650 |
0 |
9 |
|a study and teaching
|2 eczenas
|
| 655 |
|
7 |
|a příručky
|7 fd133209
|2 czenas
|
| 655 |
|
9 |
|a textbooks (higher)
|2 eczenas
|
| 655 |
|
9 |
|a handbooks and manuals
|2 eczenas
|
| 830 |
|
0 |
|a Hudební pedagogika
|0 s
|
| 910 |
2 |
|
|a BOA001
|b 2-1275.914
|
| 928 |
9 |
|
|a Akademie múzických umění
|
| 990 |
|
|
|a BK
|
| 995 |
|
|
|a 01
|
| 991 |
|
|
|b 201112
|c NOV
|e n
|
| 996 |
6 |
|
|b 2610495707
|c 2-1275.914
|l MZK
|r Sklad / do 1 hodiny
|n 3
|p p.v.
|w 001217422
|u 000010
|a 1
|e BOA001
|j MZK50
|s P
|